El arte del Islam (Record no. 167061)

MARC details
000 -LEADER
campo de control de longitud fija 00848nam a2200253 i 4500
001 - NÚMERO DE CONTROL
campo de control 167061
003 - IDENTIFICADOR DE NÚMERO DE CONTROL
campo de control ES-MaACL
005 - FECHA Y HORA DE LA ÚLTIMA TRANSACCIÓN
campo de control 20250812034403.0
008 - DATOS DE LONGITUD FIJA--INFORMACIÓN GENERAL
campo de control de longitud fija 150326s1999 sp |||| | spa d
020 ## - NÚMERO INTERNACIONAL ESTÁNDAR DEL LIBRO
Número Internacional Estándar del Libro 84-7651-468-9
080 ## - NÚMERO DE LA CLASIFICACIÓN DECIMAL UNIVERSAL
Número de la Clasificación Decimal Universal 7.033.3
100 1# - ENTRADA PRINCIPAL--NOMBRE DE PERSONA
Nombre de persona Burckhardt, Titus.
9 (RLIN) 32585
245 13 - MENCIÓN DEL TÍTULO
Título El arte del Islam
Resto del título : lenguaje y significado /
Mención de responsabilidad, etc. prólogo de Seyyed Hossein Nasr ; traducción de Tomás Duplá.
250 ## - MENCION DE EDICION
Mención de edición 2ª ed.
260 ## - PUBLICACIÓN, DISTRIBUCIÓN, ETC.
Lugar de publicación, distribución, etc. Palma de Mallorca :
Nombre del editor, distribuidor, etc. Olañeta,
Fecha de publicación, distribución, etc. 1999.
300 ## - DESCRIPCIÓN FÍSICA
Extensión 162 p., [64] p. de lám. ;
Dimensiones 21 cm.
490 1# - MENCIÓN DE SERIE
Mención de serie Sophia perennis ;
Designación de volumen o secuencia 34
650 07 - PUNTO DE ACCESO ADICIONAL DE MATERIA--TÉRMINO DE MATERIA
Término de materia o nombre geográfico como elemento de entrada Arte musulmán
Fuente del encabezamiento o término embne
9 (RLIN) 135624
700 0# - ENTRADA AGREGADA--NOMBRE PERSONAL
Nombre de persona Nasr, Seyyed Hossein.
9 (RLIN) 84971
700 1# - ENTRADA AGREGADA--NOMBRE PERSONAL
Nombre de persona Duplá, Tomás.
9 (RLIN) 156630
830 0# - PUNTO DE ACCESO ADICIONAL DE SERIE-TÍTULO UNIFORME
Título uniforme Sophia perennis ;
Designación de volumen o secuencia 34
9 (RLIN) 188643
852 ## - LOCALIZACIÓN
Ubicación ES-MaACL
Número de control de estantería L-30121
Nota libre .- Donat. Miguel A. Velasco
Holdings
Estatus retirado Estado de pérdida Estado de daño No para préstamo Biblioteca de origen Biblioteca actual Ubicación en estantería Fecha de adquisición Fuente de adquisición Total de préstamos Signatura topográfica completa Código de barras Visto por última vez Precio de reemplazo Tipo de ítem Koha
        Biblioteca del Ateneo de Madrid Biblioteca del Ateneo de Madrid Depósito 2 26/03/2015     L-30121 1193675 23/02/2023 23/02/2023 Libro impreso